Every Song by Theory of a Deadman - Statistics

General Stats
  • This quiz has been taken 4 times
  • The average score is 12 of 100
Answer Stats
Album Song % Correct
Scars & Souvenirs(2008) Bad Girlfriend
100%
Savages(2014) Savages
100%
Say Nothing(2020) Say Nothing
100%
The Truth Is...(2011) The Truth Is... (I Lied About Everything)
100%
Dinosaur(2023) Dinosaur
75%
Wake Up Call(2017) Wake Up Call
75%
The Truth Is...(2011) Bitch Came Back
50%
Scars & Souvenirs(2008) Hate My Life
50%
The Truth Is...(2011) Lowlife
50%
Scars & Souvenirs(2008) Not Meant to Be
50%
Wake Up Call(2017) Rx
50%
Theory of a Deadman(Bonus)(2009) Above This
25%
Scars & Souvenirs(2008) All or Nothing
25%
Dinosaur(2023) Ambulance
25%
Savages(2014) Angel
25%
Savages(2014) Blow
25%
The Truth Is...(2011) Easy to Love You
25%
Scars & Souvenirs(2008) End of the Summer
25%
Theory of a Deadman(2002) Invisible Man
25%
Gasoline(Bonus)(2005) Lynchburg Lemonade (Southern Days)
25%
Gasoline(2005) Me & My Girl
25%
Gasoline(2005) No Surprise
25%
Savages(2014) Panic Room
25%
Gasoline(2005) Santa Monica
25%
Theory of a Deadman(2002) What You Deserve
25%
Savages(2014) World War Me
25%
Say Nothing(2020) Affluenza
0%
Theory of a Deadman(2002) Any Other Way
0%
Gasoline(2005) Better Off
0%
The Truth Is...(Bonus)(2011) Better or Worse
0%
Say Nothing(2020) Black Hole in Your Heart
0%
Scars & Souvenirs(2008) By the Way
0%
The Truth Is...(Bonus)(2011) Careless
0%
Theory of a Deadman(2002) Confession
0%
Scars & Souvenirs(2008) Crutch
0%
The Truth Is...(Bonus)(2011) Does It Really Matter
0%
The Truth Is...(2011) Drag Me to Hell
0%
Savages(2014) Drown
0%
Wake Up Call(2017) Echoes
0%
The Truth Is...(2011) Gentleman
0%
Dinosaur(2023) Get in Line
0%
Wake Up Call(2017) Glass Jaw
0%
Wake Up Call(2017) G.O.A.T
0%
Scars & Souvenirs(2008) Got it Made
0%
Scars & Souvenirs(Bonus)(2008) Great Pretender
0%
Gasoline(2005) Hating Hollywood
0%
The Truth Is...(2011) Head Above Water
0%
Dinosaur(2023) Head in the Clouds
0%
Dinosaur(2023) Hearts Too Wild
0%
Scars & Souvenirs(2008) Heaven (Little by Little)
0%
Savages(2014) Heavy
0%
Gasoline(2005) Hell Just Ain't the Same
0%
Gasoline(2005) Hello Lonely (Walk Away from This)
0%
Say Nothing(2020) History of Violence
0%
The Truth Is...(2011) Hurricane
0%
Savages(2014) In Ruins
0%
Theory of a Deadman(Bonus)(2009) Inside
0%
Gasoline(2005) In the Middle
0%
Say Nothing(2020) It's All Good
0%
Theory of a Deadman(2002) Leg to Stand On
0%
Scars & Souvenirs(2008) Little Smirk
0%
Savages(2014) Livin' My Life Like a Country Song
0%
Wake Up Call(2017) Loner
0%
The Truth Is...(2011) Love Is Hell
0%
Theory of a Deadman(2002) Make Up Your Mind
0%
Dinosaur(2023) Medusa (Stone)
0%
Savages(2014) Misery of Mankind
0%
Theory of a Deadman(2002) Nothing Could Come Between Us
0%
Gasoline(2005) No Way Out
0%
The Truth Is...(2011) Out of My Head
0%
Wake Up Call(2017) PCH
0%
Theory of a Deadman(2002) Point to Prove
0%
Wake Up Call(2017) Po Mouth
0%
Say Nothing(2020) Quicksand
0%
Gasoline(2005) Quiver
0%
Scars & Souvenirs(2008) Sacrifice
0%
Savages(2014) Salt in the Wound
0%
Gasoline(2005) Save the Best for Last
0%
Gasoline(2005) Say Goodbye
0%
Theory of a Deadman(2002) Say I'm Sorry
0%
Scars & Souvenirs(Bonus)(2008) Shadow
0%
Dinosaur(2023) Sick
0%
Dinosaur(2023) Sideways
0%
Gasoline(2005) Since You've Been Gone
0%
Scars & Souvenirs(2008) So Happy
0%
Wake Up Call(2017) Straight Jacket
0%
Say Nothing(2020) Strangers
0%
Dinosaur(2023) Summer Song
0%
Say Nothing(2020) Ted Bundy
0%
Theory of a Deadman(2002) The Last Song
0%
Savages(2014) The One
0%
Savages(2014) The Sun Has Set on Me
0%
Wake Up Call(2017) Time Machine
0%
Dinosaur(2023) Two of Us (Stuck)
0%
The Truth Is...(Bonus)(2011) Villain
0%
Scars & Souvenirs(2008) Wait for Me
0%
The Truth Is...(2011) We Were Men
0%
The Truth Is...(2011) What Was I Thinking
0%
Say Nothing(2020) White Boy
0%
Say Nothing(2020) World Keeps Spinning
0%
No matching quizzes found
Score Distribution
Percent of People with Each Score
Percentile by Number Answered
Your Score History
You have not taken this quiz